000 01290nam2a22002651 4500
001 RU\NLR\INFOCOMM19\5000019074
005 20250617024925.0
035 _a(NLR Aleph) 002392893
090 _a4636318
_c4636318
100 _a20050112d1985 |||y0rusy50 ca
101 0 _arus
102 _aRU
105 _ay ||||000|y
200 1 _aОпыт разработки и внедрения методики оценки напряженности планов НИР вузов
_fА.И. Коношенко, Е.И. Мамонова
210 _d1985
_aБ. м.
461 0 _1001RU\NLR\INFOCOMM19\5000018893
_12001#$aУправление, экономика и прогнозирование развития высшей школы$eОбзор. информ.$fНИИ пробл. высш. шк.$v1985, Вып.3
_94636051
_cМ.
_d1978-
_fНИИ пробл. высш. шк.
_oОбзор. информ.
_tУправление, экономика и прогнозирование развития высшей школы
_x0202-3520
_v1985, Вып.3
700 1 _aКоношенко
_bА.И.
_4070
701 1 _aМамонова
_bЕ.И.
_4070
801 1 _aRU
_bInfoComm
_c20050112
801 0 _aRU
_bNLR
_gPSBO
852 _aNLR
_jП28/1350
942 _cISSUE
980 _aNB
980 _aRUSPER